000 012730000a22003250004500
003 EG-GICUC
005 20250223030439.0
008 061228s2003 ua a f m 000 0 eng d
040 _aEG-GICUC
_beng
_cEG-GICUC
041 0 _aEng
049 _aDeposite
097 _aM.Sc
099 _aCai01.13.04.M.Sc.2003.Ha.A
100 0 _aHammad Ali Abdelraheem Hanbooly
245 1 0 _aAnalysis of measurements on an industrial plate heat exchanger and application to design /
_cHammad Ali Abd El raheem Hanbooly ; Supervised Mahmoud Abd El hakim Elrifai , Ahmed Soliman Mohammed Fawzi
246 1 5 _aتحليل قياسات على مبادل صفائحى صناعى وتطبيقها فى التصميم
260 _aCairo :
_bHammad Ali Abd El raheem Hanbooly ,
_c2003
300 _a166P :
_bill ;
_c30cm
502 _aThesis (M.Sc.) - Cairo University - Faculty Of Engineering - Department Of Chemical Engineering
530 _aIssued also as CD
653 4 _aExchanger
653 4 _aindustrial
653 4 _aMeasurements
700 0 _aAhmed Soliman Mohammed Fawzi ,
_eSupervisor
700 0 _aMahmoud Abdelhakim Elrifai ,
_eSupervisor
856 _uhttp://172.23.153.220/th.pdf
905 _aAml
_eCataloger
905 _aEsam
_eRevisor
942 _2ddc
_cTH
999 _c34890
_d34890